|
|
|
|
| LEADER |
00000cam a2200000 7i4500 |
| 001 |
0000004996 |
| 005 |
20151222.0 |
| 008 |
070731 |
| 020 |
|
|
|a 9789830615622
|
| 020 |
|
|
|a 9830615626
|
| 090 |
0 |
0 |
|a G
|b ENG
|
| 245 |
0 |
0 |
|a Discovering our world :
|b sea world
|
| 260 |
|
|
|a Paris :
|b Edition Fleurus ,
|c 2006
|
| 500 |
|
|
|a Children ages 10-12 years old (pink)
|
| 650 |
|
0 |
|a Junior fiction
|x English
|x Languages
|
| 650 |
|
0 |
|a Natural history
|
| 999 |
|
|
|a 0000970772
|b Book
|c Children Collection
|e Perbadanan Perpustakaan Awam Johor
|
| 999 |
|
|
|a 0000981595
|b Book
|c Children Collection
|e Cawangan Kota Tinggi
|
| 999 |
|
|
|a 0000981596
|b Book
|c Children Collection
|e Cawangan Tmn. Ungku Tun Aminah
|
| 999 |
|
|
|a 0000981597
|b Book
|c Children Collection
|e Cawangan Segamat
|
| 999 |
|
|
|a 0000981598
|b Book
|c Children Collection
|e Perbadanan Perpustakaan Awam Johor
|
| 999 |
|
|
|a 0001146877
|b Book
|c Children Collection
|e Cawangan Taman Universiti
|
| 999 |
|
|
|a 0001146878
|b Book
|c Children Collection
|e Cawangan Segamat
|
| 999 |
|
|
|a 0001146881
|b Book
|c Children Collection
|e Cawangan Tmn. Ungku Tun Aminah
|
| 999 |
|
|
|a 0001146882
|b Book
|c Children Collection
|e Cawangan Bandar Penawar
|
| 999 |
|
|
|a 0001146883
|b Book
|c Children Collection
|e Cawangan Bukit Gambir
|
| 999 |
|
|
|a 000981599
|b Book
|c Children Collection
|e Cawangan Batu Pahat
|